Top Goalscorers for Valencia CF Since 2000 - Statistics

General Stats
  • This quiz has been taken 61 times
  • The average score is 13 of 25
Answer Stats
# Goals Years Nat. Answer % Correct
1 128 2005-2010 🇪🇸 David Villa
92%
19 31 2006-2010 🇪🇸 David Silva
76%
3 64 2011-2020 🇪🇸 Dani Parejo
67%
2 82 2010-2013 🇪🇸 Roberto Soldado
67%
14 36 2017-2022 🇵🇹 Gonçalo Guedes
65%
25 24 2018-2021 🇫🇷 Kevin Gameiro
61%
5 58 2000-2010 🇪🇸 Rubén Baraja
59%
22 28 2000-2003 🇳🇴 John Carew
55%
11 46 2007-2011 🇪🇸 Juan Mata
55%
18 32 2021- 🇪🇸 Hugo Duro
53%
16 34 2000-2006 🇦🇷 Pablo Aimar
53%
4 59 2014-2020 🇪🇸 Rodrigo
53%
23 27 2000-2001 🇪🇸 Gaizka Mendieta
51%
20 30 2010-2016 🇩🇿 Sofiane Féghouli
51%
20 30 2006-2011 🇪🇸 Joaquín
47%
7 51 2010-2014 🇧🇷 Jonas
47%
14 36 2016-2022 🇪🇸 Carlos Soler
45%
12 42 2015-2019 🇪🇸 Santi Mina
39%
16 34 2006-2009 🇪🇸 Fernando Morientes
37%
6 52 2000-2011 🇪🇸 Vicente
35%
13 37 2000-2004 🇪🇸 Juan Sánchez
33%
10 48 2000-2009 🇪🇸 Miguel Angulo
33%
8 50 2001-2006 🇪🇸 Mista
31%
9 49 2010-'12, 2013-'16 🇪🇸 Paco Alcácer
31%
24 25 2005-'06, 2008-'12 🇪🇸 Pablo Hernández
25%
No matching quizzes found
Score Distribution
Percent of People with Each Score
Percentile by Number Answered
Your Score History
You have not taken this quiz